000
00234nam a2200097Ia 4500
001
897982
005
20250826184421.0
008
250824s9999 xx 000 0 und d
245
0
_a
YARALI
_c
KAHRAMAN TAZEOĞLU
260
_b
DESTEK YAYINLARI
999
_c
897982
_d
897982